=LDR 00000nam 2200000 4500 =001 INLIS000000000037929 =005 20130612143632 =008 ***********************************Ind** =035 ##$$0010-061300000037929 =041 ##$$a Ind =082 ##$$a 616.722 3 =090 ##$$a 616.722 3, Mis o =100 ##$$a Misnadiarly =245 ##$$a Osteoortritis, penyakit sendi pada orang dewasa dan anak, faktor resiko, infeksi, pencegaha dan pengobatan, Misnadiarly =260 ##$$a 2010 $b jakarta =300 ##$$a 118 hlm, ilus, 19 cm =650 ##$$a Obsteop[rosis =850 ##$$a NBPNMAT =990 ##$$a 0001/BPAP-NTB/20142015 =990 ##$$a 0001/BPAP-NTB/20142015